Alfabet fonetyczny (ICAO) - Statystyki

Ogólne statystyki
  • Ten quiz został rozwiązany 2 222 razy
  • Średni wynik to 22 z 26
Statystyki odpowiedzi
Odpowiedź % Poprawnych
a Alfa
98%
b Bravo
96%
d Delta
95%
c Charlie
94%
f Foxtrot
91%
e Echo
90%
h Hotel
86%
z Zulu
86%
k Kilo
85%
x X-ray
85%
i India
84%
s Sierra
84%
g Golf
83%
l Lima
83%
n November
82%
p Papa
82%
m Mike
79%
t Tango
79%
q Quebec
78%
w Whiskey
78%
r Romeo
77%
y Yankee
77%
o Oscar
76%
u Uniform
75%
v Victor
74%
j Juliett
71%
Nie znaleziono quizów pasujących do podanych kryteriów
Rozkład punktacji
Procent ludzi z każdym wynikiem
Percentyl według liczby udzielonych odpowiedzi
Twoja historia wyników
Nie rozwiązałeś tego quizu